000 00958nam a2200217Ia 4500
003 Ost
005 20260507075340.0
008 260507s9999||||xx |||||||||||||| ||und||
040 _cfsecg
041 _aara
082 _a330
100 _eمؤلف
245 0 _aالنظام المحاسبي المالي الجديد /
260 _aالجزائر:
_bدار البيضاء,
_c2009
300 _a311 صفحة؛
_c18 سم
520 _aالتعاريف ومجال التطبيق -الاطار التصوري والمبادئ المحاسبية والمعايير المحاسبية -تنظيم المحاسبة -الكشوف المالية -الحسابات المجمعة والحسابات المدمجة -تغيير النقديرات والطرق المحاسبية -احكام ختامية
653 _aالإدارة المالية
653 _aالمحاسبة
653 _aتدقيق الحسابات المالية
942 _cكتاب
999 _c44080
_d44080